Ariana Grande - Chansons commençant par D - Statistiques

Statistiques générales
  • Ce quiz a été pris 35 fois
    32 depuis la dernière actualisation
  • Le résultat moyen est 2 sur 5
Statistiques - réponses
D % Correct
dandelion
78%
Dangerous Woman
67%
Don't Wanna Break Up Again
44%
Daydreamin
41%
December
19%
Aucun quiz correspondant
Distribution des résultats
% des personnes avec chaque résultat
Percentile par nombre de réponses
Votre historique - résultats
Vous n’avez pas pris ce quiz depuis la dernière actualisation